| 000 | 01272cam a22003613a 4500 | ||
|---|---|---|---|
| 005 | 20260322212054.0 | ||
| 008 | data | ||
| 010 | _a 2003588270 | ||
| 020 | _a0439426294 | ||
| 020 | _a9780439426299 | ||
| 040 |
_aIMP _cIMP _dDLC _dDLC |
||
| 042 | _alccopycat | ||
| 050 | 0 | 0 | _aCPB Box no. 2022 vol. 18 |
| 099 | _aPRELLJ | ||
| 100 | 1 | _aPreller, James. | |
| 245 | 1 | 4 |
_aThe case of the million-dollar mystery / _cJames Preller ... [et al.]. |
| 260 |
_aNew York : _bScholastic, _cc2002. |
||
| 300 |
_a106 p. : _bill. ; _c20 cm. |
||
| 490 | 0 |
_aA Jigsaw Jones mystery. Super special ; _v#2 |
|
| 500 | _a"A Little Apple paperback." | ||
| 520 | _a"What's bright and shiny and hard to find? Buried treasure! Jigsaw's class finds a hidden riddle that leads them on a treasure hunt..." | ||
| 521 | 0 | _aRL 2. | |
| 521 | 1 | _a006-009. | |
| 650 | 0 |
_aInventions _vFiction. |
|
| 650 | 0 | _aDetective and mystery stories. | |
| 655 | 7 |
_aChildren's stories. _2lcsh |
|
| 655 | 7 |
_aMystery fiction. _2gsafd |
|
| 700 | 1 |
_aSmith, Jamie, _d1971- _eillustrator. |
|
| 700 | 1 |
_aAlley, R. W. _q(Robert W.) |
|
| 710 | 2 |
_aCopyright Paperback Collection (Library of Congress) _5DLC |
|
| 856 | 4 | 2 |
_3Publisher description _uhttp://www.loc.gov/catdir/description/schol051/2003588270.html |
| 001 | data | ||
| 999 |
_c1288 _d1288 |
||